|
|
|
|
| LEADER |
00000nab a2200000 ar4500 |
| 001 |
vtls009190724 |
| 003 |
SK-MaSNL |
| 005 |
20260304173419.0 |
| 008 |
080311c1974 xo mr|||||||||000 b|slo |
| 015 |
|
|
|a SNKBUCL1974
|2 snkbucl
|
| 038 |
|
|
|a SNKBUCL
|
| 040 |
|
|
|a SNKBUCL
|b slo
|c SNKBUCL
|e AACR2
|
| 041 |
0 |
|
|a slo
|
| 044 |
|
|
|a xo
|c SK
|
| 080 |
|
|
|a 796.92
|2 2001
|
| 080 |
|
|
|a 061.23
|2 2001
|
| 100 |
1 |
|
|a Mráz, Ján,
|d 1922-2016
|4 aut
|9 193777
|
| 245 |
1 |
0 |
|a Päťdesiat rokov Medzinárodnej lyžiarskej federácie
|c Ján Mráz
|
| 610 |
2 |
7 |
|a Medzinárodná lyžiarska federácia
|2 snkbucl
|9 1038327
|
| 650 |
0 |
7 |
|a lyžovanie
|2 snkbucl
|9 3256
|
| 773 |
0 |
|
|t Lyžařství
|g Roč. 60, č. 9 (1974), s. 4-5
|
| 852 |
|
|
|a SNK
|b KIS3GCP
|
| 999 |
|
|
|c 3003163
|d 3005093
|